| 000 | 00664nam a2200217 u 4500 | ||
|---|---|---|---|
| 005 | 20240928063803.0 | ||
| 008 | 180926s2012 r 000 0 eng d | ||
| 020 | _a9788415260271 | ||
| 035 | _aUPN01000226878 | ||
| 049 | _aCG | ||
| 050 | 4 |
_aGN316 _bL4.2 |
|
| 100 | 1 |
_aLlera, Mar _942249 |
|
| 245 | 1 | 0 |
_aBlanco, negro y todo lo contrario : _binterpretar el laberinto de las culturas / _cMar Llera ; pról. Antonio García Gutiérrez. |
| 260 |
_aBarcelona, Esp. : _bAnthropos, _c2012. |
||
| 300 | _axvi, 191 p. | ||
| 440 | 0 | _aLibros de la Revista Antrhopos | |
| 650 | 2 |
_aEtnología _94794 |
|
| 650 | 2 |
_aEtnicidad _914176 |
|
| 905 | _aLibro | ||
| 999 |
_c198974 _d198974 |
||